000 00605nam a2200169 i 4500
001 111248
003 ES-MaACL
005 20230906185253.0
007 t|
008 061121q19501959cu r ||||1| spa d
100 1 _aNájera Angulo, Luis.
_984870
245 1 0 _aObservaciones relativas al mecanismo de acción del ` Hexaclorobenceno` o `666` sobre los triatomideos /
_cpor el Dr. Luis Nájera.
260 _a[S.l. :
_bs.n.,
_c195-?]
300 _a2 h. ;
_c30 cm.
500 _aEs separata de la Revista de Kuba de Med. Tropical. Vol 6 , Nº 5-6 , pág. 80- 82.
852 _aES-MaACL
_j1943-F-6
_bR.34665
999 _c111248
_d111248